000 01220cam a2200229 4500
001 WB4017-12
008 040505n2004 000 0 eng u
035 _a(Sirsi) u126100
245 _aSurvey of reasons for moving
260 _c2004
490 _aAlliance and Leicester Press Release
_v(090/04/SL) 1 May 2004 (5)
520 _aAlliance and Leicester building society has released the findings of its "Movingimproving index", which concludes almost 17% of single people plan to buy a property within the next two years, driving UK housing demand. Overall demand remains stable, with 12% planning to move in the next two years, unchanged since autumn 2003. Tables give figures for national and regional trends for plans to move and reasons for moving, broken down by gender and region. More information is available from t +44 (0)116 200 4047. http://www.alliance-leicester-group.co.uk/non-html /loader.asp?d=media&p=latest-press-releases.asp&s= 1
590 _aWB
590 _aWB
650 _aHOUSING STATISTICS
650 _aHOUSING SURVEY
650 _aMOVING HOUSE
650 _aHOUSING DEMAND
650 _aALLIANCE AND LEICESTER MOVINGIMPROVING INDEX
690 _aHOUSING-MARKET
942 _n0
999 _c117292
_d117292